Normal view
MARC view
- Masters, John
Entry Personal Name
001 - CONTROL NUMBER
- control field: 108213
003 - CONTROL NUMBER IDENTIFIER
- control field: NUST
005 - DATE AND TIME OF LATEST TRANSACTION
- control field: 20230131120316.0
008 - FIXED-LENGTH DATA ELEMENTS
- fixed length control field: 230131|| aca||aabn | a|a d
040 ## - CATALOGING SOURCE
- Original cataloging agency: NUST
- Transcribing agency: NUST
100 ## - HEADING--PERSONAL NAME
- Personal name: Masters, John
670 ## - SOURCE DATA FOUND
- Source citation: Work cat.: (NUST)186405: Masters, John,, Pilgrim son: , 1971
